000 00572nam a2200193Ia 4500
003 GCL
008 140319s9999 xx 000 0 ara d
040 _aGCL /
_cGCL
082 0 4 _a811.1
_bع د
100 1 _aعرؤة بن الورد
245 1 0 _aديوانا عرؤة بن الورد والسمؤال /
_cعرؤة بن الورد
700 1 _aالسموال بن عاديا اليهودى
260 _a[S.N] :
_bدار صادر
300 _a109 ص
490 _a
650 0 4 _aالشعر العربى
650 0 4 _aالعصر الجاهلى
942 _2ddc
_cBK
999 _c37496
_d37496